[Event "DEM U10w 2022"]
[Site "Willingen GER"]
[Date "2022.06.10"]
[Round "10"]
[White "Fruth, Julia"]
[Black "Klymenko, Mariia"]
[Result "1-0"]
[Termination "normal"]
[Board "10"]
[WhiteElo "1037"]
[BlackElo "871"]
[WhiteClock "00:20:14"]
[BlackClock "00:40:29"]
[PlyCount "93"]
[WhiteFideId "34603050"]
[BlackFideId "34620621"]
[EventCountry "GER"]
[EventRounds "11"]
[EventType "swiss"]
[EventDate "2022.06.04"]

1. e4 {[%clk 01:15:58]} {[%emt 00:00:01]} e5 {[%clk 01:15:58]} {[%emt
00:00:03]} 2. Nf3 {[%clk 01:16:22]} Nc6 {[%clk 01:16:16]} {[%emt 00:00:18]} 3.
Bc4 {[%clk 01:16:45]} Bc5 {[%clk 01:16:28]} {[%emt 00:00:25]} 4. O-O {[%emt
00:00:23]} Nf6 5. d4 {[%clk 01:17:32]} exd4 {[%clk 01:16:54]} {[%emt 00:00:22]}
6. e5 {[%clk 01:17:56]} {[%emt 00:00:07]} d5 {[%clk 01:16:40]} {[%emt
00:00:44]} 7. exf6 {[%clk 01:18:18]} {[%emt 00:00:07]} dxc4 {[%clk 01:16:57]}
{[%emt 00:00:13]} 8. fxg7 {[%clk 01:18:42]} {[%emt 00:00:07]} Rg8 {[%clk
01:17:14]} {[%emt 00:00:13]} 9. Bg5 {[%clk 01:19:03]} {[%emt 00:00:08]} Qd6
{[%clk 01:15:50]} {[%emt 00:01:50]} 10. Nbd2 {[%clk 01:17:39]} {[%emt
00:01:59]} Bf5 {[%clk 01:15:05]} {[%emt 00:01:15]} 11. Nxc4 {[%clk 01:14:37]}
{[%emt 00:03:32]} Qd5 {[%clk 01:14:12]} {[%emt 00:01:17]} 12. Ne3 {[%clk
01:07:20]} {[%emt 00:07:51]} Qe6 {[%clk 01:11:02]} {[%emt 00:03:37]} 13. Nxf5
{[%clk 01:03:54]} {[%emt 00:04:01]} Qxf5 {[%clk 01:11:13]} {[%emt 00:00:15]}
14. Bh6 {[%clk 00:59:41]} {[%emt 00:04:45]} O-O-O {[%clk 01:10:44]} {[%emt
00:01:00]} 15. Qd2 {[%clk 00:56:12]} {[%emt 00:04:00]} Rd6 {[%clk 01:10:00]}
{[%emt 00:01:12]} 16. Rfe1 {[%clk 00:52:24]} {[%emt 00:04:20]} Qh5 {[%clk
01:06:53]} {[%emt 00:03:33]} 17. Bf4 {[%clk 00:44:35]} {[%emt 00:08:23]} Rg6
{[%clk 01:05:34]} {[%emt 00:01:41]} 18. Ne5 {[%clk 00:41:25]} {[%emt 00:03:47]}
Nxe5 {[%clk 01:03:59]} {[%emt 00:02:04]} 19. Rxe5 {[%clk 00:41:46]} {[%emt
00:00:11]} Qg4 {[%clk 01:03:26]} {[%emt 00:00:55]} 20. Bg3 {[%clk 00:40:26]}
{[%emt 00:01:58]} Bd6 {[%clk 01:02:56]} {[%emt 00:00:49]} 21. f3 {[%clk
00:36:46]} {[%emt 00:04:21]} Qd7 {[%clk 00:59:43]} {[%emt 00:03:34]} 22. Rd5
{[%clk 00:32:14]} {[%emt 00:03:17]} Qe6 {[%clk 01:00:05]} {[%emt 00:02:40]} 23.
Qxd4 {[%clk 00:28:53]} {[%emt 00:04:12]} Bxg3 {[%clk 00:56:14]} {[%emt
00:04:21]} 24. hxg3 {[%clk 00:28:28]} {[%emt 00:00:56]} R6xg7 {[%clk 00:55:41]}
{[%emt 00:01:32]} 25. Rd1 {[%clk 00:28:06]} {[%emt 00:01:23]} Kb8 {[%clk
00:51:28]} {[%emt 00:04:41]} 26. Qe5 {[%clk 00:20:04]} {[%emt 00:08:33]} Qc8
{[%clk 00:48:36]} {[%emt 00:03:08]} 27. Qe7 {[%clk 00:18:44]} {[%emt 00:02:01]}
b6 {[%clk 00:47:16]} {[%emt 00:01:48]} 28. Rd8 {[%clk 00:18:50]} {[%emt
00:00:28]} Rxd8 {[%clk 00:45:24]} {[%emt 00:02:23]} 29. Rxd8 {[%clk 00:19:13]}
{[%emt 00:00:08]} Qxd8 {[%clk 00:45:06]} {[%emt 00:00:48]} 30. Qxd8+ {[%clk
00:19:35]} {[%emt 00:00:08]} Kb7 {[%clk 00:45:21]} {[%emt 00:00:14]} 31. Kf2
{[%clk 00:19:33]} {[%emt 00:00:32]} Rg6 {[%clk 00:44:53]} {[%emt 00:00:45]} 32.
Qe8 {[%clk 00:18:26]} {[%emt 00:01:48]} Rd6 {[%clk 00:43:23]} {[%emt 00:01:55]}
33. Kg1 {[%clk 00:17:53]} {[%emt 00:01:11]} f5 {[%clk 00:42:46]} {[%emt
00:01:06]} 34. Qh5 {[%clk 00:17:54]} {[%emt 00:00:28]} Rd1+ {[%clk 00:42:05]}
{[%emt 00:01:07]} 35. Kh2 {[%clk 00:18:18]} {[%emt 00:00:11]} Rd2 {[%clk
00:41:46]} {[%emt 00:00:49]} 36. Qxf5 {[%clk 00:18:29]} {[%emt 00:00:19]} Rd1
{[%clk 00:40:56]} {[%emt 00:01:16]} 37. Qxh7 {[%clk 00:18:21]} {[%emt
00:00:40]} Ra1 {[%clk 00:41:09]} {[%emt 00:00:17]} 38. Qh5 {[%clk 00:18:37]}
{[%emt 00:00:13]} Rb1 {[%clk 00:41:17]} {[%emt 00:00:21]} 39. b3 {[%clk
00:18:37]} {[%emt 00:00:35]} Rc1 {[%clk 00:41:22]} {[%emt 00:00:23]} 40. g4
{[%clk 00:18:42]} {[%emt 00:00:26]} Rxc2 {[%clk 00:41:18]} {[%emt 00:00:34]}
41. Qd5+ {[%clk 00:19:01]} {[%emt 00:00:11]} Kb8 {[%clk 00:41:14]} {[%emt
00:00:33]} 42. g5 {[%clk 00:19:15]} {[%emt 00:00:17]} c6 {[%clk 00:41:05]}
{[%emt 00:00:39]} 43. Qd8+ {[%clk 00:19:28]} {[%emt 00:00:14]} Kb7 {[%clk
00:41:12]} {[%emt 00:00:25]} 44. g6 {[%clk 00:19:49]} {[%emt 00:00:10]} Rxa2
{[%clk 00:39:43]} {[%emt 00:01:59]} 45. g7 {[%clk 00:20:09]} {[%emt 00:00:09]}
Rb2 {[%clk 00:40:07]} {[%emt 00:00:07]} 46. g8=Q {[%clk 00:20:11]} {[%emt
00:00:23]} Re2 {[%clk 00:40:29]} {[%emt 00:00:12]} 47. Qc8# {[%clk 00:20:14]}
{[%emt 00:00:26]} 1-0

[Event "DEM U10w 2022"]
[Site "Willingen GER"]
[Date "2022.06.10"]
[Round "10"]
[White "Schirmbeck, Lilian"]
[Black "Frydel, Helena"]
[Result "1-0"]
[Termination "normal"]
[Board "11"]
[WhiteElo "980"]
[BlackElo "1141"]
[WhiteClock "00:44:25"]
[BlackClock "00:22:59"]
[PlyCount "87"]
[WhiteFideId "34620532"]
[BlackFideId "16266536"]
[EventCountry "GER"]
[EventRounds "11"]
[EventType "swiss"]
[EventDate "2022.06.04"]

1. e4 {[%clk 01:15:58]} {[%emt 00:00:02]} e5 {[%clk 01:15:57]} {[%emt
00:00:04]} 2. Nf3 {[%clk 01:16:22]} {[%emt 00:00:05]} Nf6 {[%clk 01:16:19]}
{[%emt 00:00:09]} 3. Nc3 {[%clk 01:16:37]} {[%emt 00:00:14]} Bb4 {[%clk
01:16:41]} {[%emt 00:00:09]} 4. Nxe5 {[%clk 01:16:56]} {[%emt 00:00:10]} d6
{[%clk 01:16:19]} {[%emt 00:00:52]} 5. Nd3 {[%clk 01:17:00]} {[%emt 00:00:26]}
Bxc3 {[%clk 01:15:32]} {[%emt 00:01:17]} 6. dxc3 {[%clk 01:17:17]} {[%emt
00:00:13]} Nxe4 {[%clk 01:12:00]} {[%emt 00:04:01]} 7. Be2 {[%clk 01:11:12]}
{[%emt 00:06:35]} O-O {[%clk 01:10:32]} {[%emt 00:01:59]} 8. O-O {[%clk
01:07:27]} {[%emt 00:04:16]} Nc6 {[%clk 01:02:14]} {[%emt 00:08:47]} 9. f3
{[%clk 01:01:34]} {[%emt 00:06:24]} Nf6 {[%clk 01:02:28]} {[%emt 00:00:15]} 10.
Bg5 {[%clk 00:58:35]} {[%emt 00:03:28]} Re8 {[%clk 01:01:32]} {[%emt 00:01:27]}
11. Qd2 {[%clk 00:53:31]} {[%emt 00:05:19]} h6 {[%clk 00:52:26]} {[%emt
00:09:51]} 12. Bh4 {[%clk 00:52:32]} {[%emt 00:01:16]} Qe7 {[%clk 00:42:29]}
{[%emt 00:10:40]} 13. Rae1 {[%clk 00:50:29]} {[%emt 00:02:11]} Be6 {[%clk
00:33:41]} {[%emt 00:09:38]} 14. Bd1 {[%clk 00:45:21]} {[%emt 00:05:37]} Qd7
{[%clk 00:32:47]} {[%emt 00:01:25]} 15. Bxf6 {[%clk 00:44:01]} {[%emt
00:01:52]} gxf6 {[%clk 00:32:34]} {[%emt 00:00:43]} 16. Qxh6 {[%clk 00:42:28]}
{[%emt 00:02:02]} Qe7 {[%clk 00:32:33]} {[%emt 00:00:32]} 17. Nf4 {[%clk
00:42:21]} {[%emt 00:00:36]} Qf8 {[%clk 00:32:46]} {[%emt 00:00:14]} 18. Qh4
{[%clk 00:42:13]} {[%emt 00:00:39]} Qg7 {[%clk 00:31:32]} {[%emt 00:01:42]} 19.
Nh5 {[%clk 00:42:11]} {[%emt 00:00:37]} Qg6 {[%clk 00:23:41]} {[%emt 00:08:22]}
20. Nxf6+ {[%clk 00:41:04]} {[%emt 00:01:36]} Kf8 {[%clk 00:23:18]} {[%emt
00:00:34]} 21. Nxe8 {[%clk 00:41:22]} {[%emt 00:00:31]} Rxe8 {[%clk 00:23:31]}
{[%emt 00:00:16]} 22. f4 {[%clk 00:41:32]} {[%emt 00:00:21]} Kg7 {[%clk
00:21:04]} {[%emt 00:02:58]} 23. f5 {[%clk 00:40:48]} {[%emt 00:01:13]} Rh8
{[%clk 00:18:06]} {[%emt 00:03:27]} 24. Qxh8+ {[%clk 00:39:54]} {[%emt
00:01:24]} Kxh8 {[%clk 00:18:11]} {[%emt 00:00:26]} 25. fxg6 {[%clk 00:40:17]}
{[%emt 00:00:06]} Kg7 {[%clk 00:18:14]} {[%emt 00:00:29]} 26. gxf7 {[%clk
00:40:35]} {[%emt 00:00:12]} Bxf7 {[%clk 00:18:36]} {[%emt 00:00:07]} 27. Bf3
{[%clk 00:40:16]} {[%emt 00:00:49]} Bxa2 {[%clk 00:18:29]} {[%emt 00:00:37]}
28. Bxc6 {[%clk 00:40:38]} {[%emt 00:00:08]} bxc6 {[%clk 00:18:54]} {[%emt
00:00:05]} 29. Re7+ {[%clk 00:40:46]} {[%emt 00:00:22]} Kg8 {[%clk 00:19:14]}
{[%emt 00:00:10]} 30. Rxc7 {[%clk 00:41:02]} {[%emt 00:00:13]} Bc4 {[%clk
00:19:31]} {[%emt 00:00:15]} 31. Re1 {[%clk 00:41:22]} {[%emt 00:00:09]} Kf8
{[%clk 00:19:53]} {[%emt 00:00:08]} 32. Ree7 {[%clk 00:41:33]} {[%emt
00:00:19]} a5 {[%clk 00:20:10]} {[%emt 00:00:14]} 33. Rh7 {[%clk 00:41:49]}
{[%emt 00:00:13]} Kg8 {[%clk 00:20:25]} {[%emt 00:00:14]} 34. Rhd7 {[%clk
00:42:09]} {[%emt 00:00:10]} Kh8 {[%clk 00:20:38]} {[%emt 00:00:18]} 35. Rd8+
{[%clk 00:42:29]} {[%emt 00:00:10]} Bg8 {[%clk 00:21:02]} {[%emt 00:00:06]} 36.
Rxc6 {[%clk 00:42:51]} {[%emt 00:00:08]} Kh7 {[%clk 00:21:05]} {[%emt
00:00:28]} 37. Rcxd6 {[%clk 00:42:57]} {[%emt 00:00:23]} Kg7 {[%clk 00:21:08]}
{[%emt 00:00:27]} 38. R8d7+ {[%clk 00:43:03]} {[%emt 00:00:24]} Bf7 {[%clk
00:21:27]} {[%emt 00:00:11]} 39. c4 {[%clk 00:43:19]} {[%emt 00:00:14]} Kf8
{[%clk 00:21:33]} {[%emt 00:00:22]} 40. Rf6 {[%clk 00:43:31]} {[%emt 00:00:20]}
Ke8 {[%clk 00:21:53]} {[%emt 00:00:10]} 41. Rfxf7 {[%clk 00:43:53]} {[%emt
00:00:08]} a4 {[%clk 00:22:16]} {[%emt 00:00:08]} 42. Rh7 {[%clk 00:44:13]}
{[%emt 00:00:10]} a3 {[%clk 00:22:36]} {[%emt 00:00:10]} 43. Ra7 {[%clk
00:44:34]} {[%emt 00:00:09]} axb2 {[%clk 00:22:59]} {[%emt 00:00:07]} 44. Ra8#
{[%clk 00:44:25]} {[%emt 00:00:09]} 1-0

[Event "DEM U10w 2022"]
[Site "Willingen GER"]
[Date "2022.06.10"]
[Round "10"]
[White "Weißleder, Emia"]
[Black "Burchardi, Helena"]
[Result "1-0"]
[Termination "normal"]
[Board "13"]
[WhiteElo "983"]
[BlackElo "802"]
[PlyCount "81"]
[WhiteFideId "34682627"]
[BlackFideId "34636374"]
[EventCountry "GER"]
[EventRounds "11"]
[EventType "swiss"]
[EventDate "2022.06.04"]

1. e4 e5 2. Nf3 Nc6 3. Bc4 Bc5 4. d4 exd4 5. Ng5 Ne5 6. Nxf7 Nxf7 7. Bxf7+ Kxf7
8. Qh5+ Kf8 9. Qxc5+ d6 10. Qxd4 Nf6 11. O-O Kf7 12. Bg5 Qe7 13. Re1 Bf5 14.
Nc3 Rhe8 15. Bxf6 gxf6 16. Re3 Be6 17. Rae1 Rg8 18. Qd3 Qf8 19. Nb5 Qg7 20. Rg3
Qh6 21. Nxc7 Rxg3 22. Qxg3 Rg8 23. Qxd6 Bh3 24. g3 Rg5 25. Nd5 Re5 26. f4 Re8
27. e5 a6 28. Nc7 Re7 29. e6+ Kg6 30. Qxe7 Qh5 31. Qe8+ Kh6 32. Qxh5+ Kxh5 33.
e7 Kg4 34. e8=Q f5 35. Qe7 h5 36. Qg7+ Kf3 37. Qc3+ Kg4 38. Re8 Bg2 39. Kxg2 h4
40. Rg8+ Kh5 41. Qh8# 1-0

[Event "DEM U10w 2022"]
[Site "Willingen GER"]
[Date "2022.06.10"]
[Round "10"]
[White "Döscher, Nayla"]
[Black "Jiang, Lucia"]
[Result "0-1"]
[Termination "normal"]
[Board "14"]
[WhiteElo "908"]
[BlackElo "919"]
[PlyCount "86"]
[WhiteFideId "34625046"]
[EventCountry "GER"]
[EventRounds "11"]
[EventType "swiss"]
[EventDate "2022.06.04"]

1. e4 e5 2. Nc3 Nc6 3. Nf3 Nf6 4. Bb5 d6 5. h3 Bd7 6. d3 h6 7. Be3 Be7 8. O-O
a6 9. Ba4 b5 10. Bb3 O-O 11. Qe2 Re8 12. Rfe1 Qc8 13. Rad1 Qb7 14. Nd5 Nxd5 15.
Bxd5 Rad8 16. Nd2 Qb8 17. Qf3 Rf8 18. Qg3 Kh8 19. Nf3 Nb4 20. Bb3 Be6 21. c3
Bxb3 22. axb3 Nc2 23. Re2 Nxe3 24. Rxe3 Qc8 25. Nh4 Rg8 26. Rf3 Bf6 27. Nf5 Qe6
28. c4 b4 29. Qg4 Rde8 30. Qh5 Kh7 31. h4 Rh8 32. Qg4 g6 33. Rg3 gxf5 34. exf5
Qd7 35. Re1 Rhg8 36. Qh3 Rxg3 37. fxg3 Qc6 38. Kh2 Qc5 39. Qg4 Rg8 40. Qh5 Qf2
41. Qxf7+ Rg7 42. Qxf6 Qxg3+ 43. Kh1 Qxg2# 0-1

[Event "DEM U10w 2022"]
[Site "Willingen GER"]
[Date "2022.06.10"]
[Round "10"]
[White "Margaryan, Mari"]
[Black "Lola, Georgia-Maria"]
[Result "0-1"]
[Termination "normal"]
[Board "15"]
[WhiteElo "792"]
[BlackElo "1016"]
[PlyCount "118"]
[WhiteFideId "16279700"]
[BlackFideId "34629335"]
[EventCountry "GER"]
[EventRounds "11"]
[EventType "swiss"]
[EventDate "2022.06.04"]

1. d4 d5 2. e3 e6 3. c4 c5 4. Nc3 Nf6 5. Nf3 Nc6 6. Bd3 Bd6 7. O-O O-O 8. cxd5
exd5 9. e4 dxe4 10. Bxe4 Nxe4 11. Nxe4 Bg4 12. h3 Bxf3 13. Qxf3 cxd4 14. Rd1
Qc7 15. b3 Bh2+ 16. Kh1 Rad8 17. g3 Bxg3 18. fxg3 Rfe8 19. Bf4 Qe7 20. Re1 Qf8
21. Qd3 Nb4 22. Qc4 Rc8 23. Qxd4 Nc2 24. Qxa7 Rxe4 25. Rxe4 Nxa1 26. Be5 Qc5
27. Qxc5 Rxc5 28. Bxa1 f5 29. Re7 Rc1+ 30. Kg2 Rxa1 31. Rxb7 Rxa2+ 32. Kf3 h5
33. b4 Ra3+ 34. Kg2 g5 35. b5 g4 36. b6 Ra2+ 37. Kf1 gxh3 38. Rb8+ Kg7 39. Rb7+
Kg6 40. Ra7 h2 41. Rxa2 h1=Q+ 42. Ke2 Qg2+ 43. Ke3 Qxa2 44. b7 Qb3+ 45. Kf4
Qxb7 46. Ke5 Qc7+ 47. Kd4 Qxg3 48. Kc5 Qd3 49. Kc6 Qd4 50. Kc7 Qd5 51. Kc8 Qd6
52. Kb7 Qc5 53. Kb8 Qc6 54. Ka7 Qb5 55. Ka8 Kf7 56. Ka7 Ke7 57. Ka8 Kd7 58. Ka7
Kc7 59. Ka8 Qb7# 0-1

[Event "DEM U10w 2022"]
[Site "Willingen GER"]
[Date "2022.06.10"]
[Round "10"]
[White "Marrufo, Adriana"]
[Black "Albrecht, Sidney Jenna"]
[Result "1-0"]
[Termination "normal"]
[Board "16"]
[WhiteElo "927"]
[BlackElo "814"]
[PlyCount "51"]
[WhiteFideId "34630252"]
[BlackFideId "34660283"]
[EventCountry "GER"]
[EventRounds "11"]
[EventType "swiss"]
[EventDate "2022.06.04"]

1. e4 c5 2. Nf3 Nc6 3. d4 cxd4 4. Nxd4 g6 5. Nc3 Bg7 6. Be3 Nf6 7. Nxc6 bxc6 8.
e5 Nh5 9. g4 Bxe5 10. gxh5 gxh5 11. Qd2 d5 12. O-O-O O-O 13. Bd4 Bxd4 14. Qxd4
f6 15. Rg1+ Kh8 16. Qh4 Bg4 17. Re1 Rg8 18. Bd3 Qf8 19. h3 Qh6+ 20. Kb1 Bf3 21.
Rg3 Qd2 22. Rc1 Rab8 23. Rxf3 Qxc3 24. b3 a5 25. Qxh5 a4 26. Qxh7# 1-0

[Event "DEM U10w 2022"]
[Site "Willingen GER"]
[Date "2022.06.10"]
[Round "10"]
[White "Krannich, Eva"]
[Black "Rutschmann, Polly"]
[Result "1-0"]
[Termination "normal"]
[Board "17"]
[WhiteElo "845"]
[BlackElo "903"]
[PlyCount "53"]
[WhiteFideId "34639713"]
[BlackFideId "34621261"]
[EventCountry "GER"]
[EventRounds "11"]
[EventType "swiss"]
[EventDate "2022.06.04"]

1. e3 d5 2. f4 Bf5 3. c3 Nf6 4. d4 e6 5. Nf3 Bd6 6. Bd3 Bg6 7. O-O Nbd7 8. Ne5
Bxe5 9. fxe5 Bh5 10. Qc2 Ng4 11. Nd2 Bg6 12. Nf3 Qe7 13. Bd2 O-O-O 14. b4 Bxd3
15. Qxd3 g5 16. e4 dxe4 17. Qxe4 h5 18. Bxg5 f6 19. Bh4 Rh7 20. a4 Qg7 21. a5
Rg8 22. Ra2 Nh6 23. b5 b6 24. axb6 cxb6 25. Qc6+ Kd8 26. Qxe6 Nb8 27. Bxf6+ 1-0

[Event "DEM U10w 2022"]
[Site "Willingen GER"]
[Date "2022.06.10"]
[Round "10"]
[White "Stiehler, Ellen"]
[Black "Reetz, Shaila"]
[Result "1/2-1/2"]
[Termination "normal"]
[Board "19"]
[WhiteElo "918"]
[BlackElo "1112"]
[PlyCount "100"]
[WhiteFideId "34663908"]
[BlackFideId "34630317"]
[EventCountry "GER"]
[EventRounds "11"]
[EventType "swiss"]
[EventDate "2022.06.04"]

1. e4 e5 2. Nf3 Nc6 3. Bc4 Bc5 4. O-O Nf6 5. d3 O-O 6. c3 a6 7. Be3 Bxe3 8.
fxe3 d6 9. a4 b5 10. axb5 Nb8 11. bxa6 Nxa6 12. Nbd2 Ng4 13. Re1 Rb8 14. Bxa6
Bxa6 15. Rxa6 Rxb2 16. h3 Nf6 17. Nb3 Nd7 18. Re2 Rxe2 19. Qxe2 Nc5 20. Nxc5
dxc5 21. Nxe5 Qc8 22. Qa2 Kh8 23. Rc6 Qd8 24. Ra6 h6 25. Qa3 Qe7 26. Nc6 Qg5
27. Ra8 Rxa8 28. Qxa8+ Kh7 29. Qf8 Qxe3+ 30. Kh1 Qe1+ 31. Kh2 Qxc3 32. Qxf7
Qxd3 33. e5 h5 34. Qxh5+ Kg8 35. e6 Qd6+ 36. Qe5 Qxe5+ 37. Nxe5 Kf8 38. Nc6 Ke8
39. e7 c4 40. Nd4 Kxe7 41. Kg1 Kd6 42. Kf2 Kc5 43. Ke3 Kb4 44. Kd2 c3+ 45. Kd3
c5 46. Ne2 Kb3 47. Nxc3 c4+ 48. Kd4 Kb4 49. g4 g5 50. Nd5+ Kb3 1/2-1/2

[Event "DEM U10w 2022"]
[Site "Willingen GER"]
[Date "2022.06.11"]
[Round "11"]
[White "Kovalskyy, Alicia"]
[Black "Nönnig, Lotte"]
[Result "1-0"]
[Termination "normal"]
[Board "1"]
[WhiteElo "1499"]
[BlackElo "1049"]
[WhiteClock "00:33:51"]
[BlackClock "00:27:46"]
[PlyCount "141"]
[WhiteFideId "34612130"]
[BlackFideId "34611509"]
[EventCountry "GER"]
[EventRounds "11"]
[EventType "swiss"]
[EventDate "2022.06.04"]

1. e4 {[%clk 01:15:58]} e5 {[%clk 01:15:54]} {[%emt 00:00:08]} 2. Nf3 {[%clk
01:16:17]} {[%emt 00:00:11]} Nc6 {[%clk 01:16:15]} {[%emt 00:00:09]} 3. Bc4
{[%clk 01:16:38]} {[%emt 00:00:09]} Bc5 {[%clk 01:16:38]} {[%emt 00:00:07]} 4.
c3 {[%clk 01:16:58]} {[%emt 00:00:11]} Nf6 {[%clk 01:16:59]} {[%emt 00:00:08]}
5. d3 {[%clk 01:17:21]} {[%emt 00:00:06]} O-O {[%clk 01:17:13]} {[%emt
00:00:16]} 6. a4 {[%clk 01:17:37]} {[%emt 00:00:14]} a5 {[%clk 01:14:56]}
{[%emt 00:02:47]} 7. O-O {[%clk 01:17:48]} {[%emt 00:00:19]} d5 {[%clk
01:15:02]} {[%emt 00:00:24]} 8. exd5 {[%clk 01:17:00]} {[%emt 00:01:19]} Nxd5
{[%clk 01:15:20]} {[%emt 00:00:12]} 9. Re1 {[%clk 01:17:08]} {[%emt 00:00:21]}
Bg4 {[%clk 01:15:29]} {[%emt 00:00:21]} 10. h3 {[%clk 01:17:10]} {[%emt
00:00:29]} Bh5 {[%clk 01:15:47]} {[%emt 00:00:11]} 11. Nbd2 {[%clk 01:17:18]}
{[%emt 00:00:23]} Nb6 {[%clk 01:16:03]} {[%emt 00:00:13]} 12. Qb3 {[%clk
01:15:29]} {[%emt 00:02:16]} Nxc4 {[%clk 01:16:05]} {[%emt 00:00:32]} 13. Qxc4
{[%clk 01:15:32]} {[%emt 00:00:26]} Bd6 {[%clk 01:16:01]} {[%emt 00:00:34]} 14.
Qb5 {[%clk 01:15:25]} {[%emt 00:00:33]} Qf6 {[%clk 01:12:50]} {[%emt 00:03:42]}
15. Ne4 {[%clk 01:08:49]} {[%emt 00:07:09]} Qf5 {[%clk 01:12:11]} {[%emt
00:01:09]} 16. Nxd6 {[%clk 01:08:53]} {[%emt 00:00:27]} cxd6 {[%clk 01:12:15]}
{[%emt 00:00:26]} 17. Nh4 {[%clk 01:07:29]} {[%emt 00:01:53]} Qf6 {[%clk
01:12:04]} {[%emt 00:00:40]} 18. Qxb7 {[%clk 01:04:21]} {[%emt 00:03:39]} Rfc8
{[%clk 01:10:29]} {[%emt 00:02:05]} 19. g3 {[%clk 01:00:57]} {[%emt 00:03:54]}
Qe6 {[%clk 01:06:20]} {[%emt 00:04:38]} 20. g4 {[%clk 00:54:25]} {[%emt
00:07:03]} Qf6 {[%clk 01:04:59]} {[%emt 00:01:51]} 21. Ng2 {[%clk 00:54:22]}
{[%emt 00:00:33]} Bg6 {[%clk 01:04:51]} {[%emt 00:00:37]} 22. Qb5 {[%clk
00:46:18]} {[%emt 00:08:34]} Qf3 {[%clk 01:03:48]} {[%emt 00:01:33]} 23. Re3
{[%clk 00:44:11]} {[%emt 00:02:37]} Qd1+ {[%clk 01:01:38]} {[%emt 00:02:41]}
24. Re1 {[%clk 00:44:07]} {[%emt 00:00:34]} Qxd3 {[%clk 01:01:34]} {[%emt
00:00:34]} 25. Qxd3 {[%clk 00:44:30]} {[%emt 00:00:07]} Bxd3 {[%clk 01:01:54]}
{[%emt 00:00:10]} 26. Rd1 {[%clk 00:44:56]} {[%emt 00:00:05]} e4 {[%clk
00:59:47]} {[%emt 00:02:37]} 27. Ne1 {[%clk 00:45:00]} {[%emt 00:00:26]} Ne5
{[%clk 01:00:01]} 28. f4 {[%clk 00:44:51]} {[%emt 00:00:54]} Ng6 {[%clk
00:59:32]} {[%emt 00:00:59]} 29. Nxd3 {[%clk 00:45:07]} {[%emt 00:00:14]} exd3
{[%clk 00:58:31]} {[%emt 00:01:31]} 30. Rxd3 {[%clk 00:45:14]} {[%emt
00:00:24]} Rd8 {[%clk 00:58:13]} {[%emt 00:00:48]} 31. Be3 {[%clk 00:45:07]}
{[%emt 00:00:37]} h6 {[%clk 00:51:26]} {[%emt 00:07:08]} 32. Rad1 {[%clk
00:44:37]} {[%emt 00:01:08]} Ra6 {[%clk 00:50:29]} {[%emt 00:01:27]} 33. R3d2
{[%clk 00:42:21]} {[%emt 00:02:46]} Nh4 {[%clk 00:49:38]} {[%emt 00:01:22]} 34.
Kf2 {[%clk 00:41:51]} {[%emt 00:00:55]} f5 {[%clk 00:47:08]} {[%emt 00:03:04]}
35. Kg3 {[%clk 00:40:58]} {[%emt 00:01:23]} Ng6 {[%clk 00:44:18]} {[%emt
00:03:20]} 36. gxf5 {[%clk 00:39:30]} {[%emt 00:01:59]} Ne7 {[%clk 00:44:08]}
{[%emt 00:00:39]} 37. Kg4 {[%emt 00:01:07]} Kf7 {[%clk 00:40:24]} {[%emt
00:03:31]} 38. Bc5 {[%clk 00:39:08]} {[%emt 00:00:57]} Nc8 {[%clk 00:38:47]}
{[%emt 00:02:07]} 39. Bd4 {[%clk 00:38:37]} {[%emt 00:00:58]} d5 {[%clk
00:37:53]} {[%emt 00:01:29]} 40. Be5 {[%clk 00:36:15]} {[%emt 00:02:50]} Ne7
{[%clk 00:37:08]} {[%emt 00:01:17]} 41. c4 {[%clk 00:36:19]} {[%emt 00:00:26]}
Raa8 {[%clk 00:34:06]} {[%emt 00:03:31]} 42. cxd5 {[%clk 00:35:44]} {[%emt
00:01:06]} Ke8 {[%clk 00:31:06]} {[%emt 00:03:29]} 43. Bxg7 {[%clk 00:34:33]}
{[%emt 00:01:41]} h5+ {[%clk 00:30:27]} {[%emt 00:01:08]} 44. Kg5 {[%clk
00:32:07]} {[%emt 00:02:55]} Rd7 {[%clk 00:30:10]} {[%emt 00:00:49]} 45. Re2
{[%clk 00:32:00]} {[%emt 00:00:35]} Kf7 {[%clk 00:29:27]} {[%emt 00:01:15]} 46.
d6 {[%clk 00:29:48]} {[%emt 00:02:43]} Kxg7 {[%clk 00:26:21]} {[%emt 00:03:36]}
47. Rxe7+ {[%clk 00:29:59]} {[%emt 00:00:18]} Rxe7 {[%clk 00:26:40]} {[%emt
00:00:11]} 48. f6+ {[%clk 00:30:08]} {[%emt 00:00:21]} Kf7 {[%clk 00:25:21]}
{[%emt 00:01:50]} 49. fxe7 {[%clk 00:30:14]} {[%emt 00:00:24]} Ke8 {[%clk
00:24:59]} {[%emt 00:00:52]} 50. f5 {[%clk 00:30:31]} {[%emt 00:00:12]} Rb8
{[%clk 00:24:02]} {[%emt 00:01:26]} 51. d7+ {[%clk 00:30:35]} {[%emt 00:00:27]}
Kxe7 {[%clk 00:24:04]} {[%emt 00:00:26]} 52. d8=Q+ {[%clk 00:30:54]} {[%emt
00:00:13]} Rxd8 {[%clk 00:24:11]} {[%emt 00:00:24]} 53. Rxd8 {[%clk 00:31:09]}
{[%emt 00:00:15]} Kxd8 {[%clk 00:24:22]} {[%emt 00:00:19]} 54. Kxh5 {[%clk
00:31:21]} {[%emt 00:00:17]} Ke7 {[%clk 00:24:35]} {[%emt 00:00:17]} 55. Kg6
{[%clk 00:31:45]} {[%emt 00:00:06]} Kf8 {[%clk 00:24:36]} {[%emt 00:00:28]} 56.
f6 {[%clk 00:31:46]} {[%emt 00:00:30]} Kg8 {[%clk 00:24:54]} {[%emt 00:00:11]}
57. f7+ {[%clk 00:32:05]} {[%emt 00:00:12]} Kf8 {[%clk 00:25:10]} {[%emt
00:00:14]} 58. h4 {[%clk 00:32:29]} {[%emt 00:00:06]} Ke7 {[%clk 00:25:24]}
{[%emt 00:00:16]} 59. Kg7 {[%clk 00:32:53]} {[%emt 00:00:06]} Ke6 {[%clk
00:25:32]} {[%emt 00:00:22]} 60. f8=Q {[%clk 00:33:16]} {[%emt 00:00:07]} Ke5
{[%clk 00:25:40]} {[%emt 00:00:23]} 61. Qd8 {[%clk 00:33:02]} {[%emt 00:00:42]}
Ke4 {[%emt 00:00:59]} 62. h5 {[%clk 00:33:09]} {[%emt 00:00:14]} Kf5 {[%emt
00:00:19]} 63. h6 {[%clk 00:33:07]} {[%emt 00:00:25]} Kg4 {[%clk 00:25:55]}
{[%emt 00:00:13]} 64. h7 {[%clk 00:33:27]} {[%emt 00:00:11]} Kf5 {[%clk
00:26:15]} {[%emt 00:00:10]} 65. h8=Q {[%clk 00:33:26]} {[%emt 00:00:30]} Kg4
{[%clk 00:26:34]} {[%emt 00:00:11]} 66. Qhh4+ {[%clk 00:33:33]} {[%emt
00:00:23]} Kf5 {[%clk 00:26:42]} {[%emt 00:00:24]} 67. Qb6 {[%clk 00:33:20]}
{[%emt 00:00:38]} Ke5 {[%clk 00:26:59]} {[%emt 00:00:17]} 68. Qc5+ {[%clk
00:33:03]} {[%emt 00:00:47]} Ke6 {[%clk 00:27:11]} {[%emt 00:00:18]} 69. Qf6+
{[%clk 00:33:27]} {[%emt 00:00:06]} Kd7 {[%clk 00:27:27]} {[%emt 00:00:15]} 70.
Qce7+ {[%clk 00:33:51]} {[%emt 00:00:06]} Kc8 {[%clk 00:27:46]} {[%emt
00:00:11]} 71. Qff8# {[%emt 00:00:08]} 1-0